[Event "Olympiad-45"]
[White "Naranjo Gonzalez, Oscar"]
[Black "Bridet, Robert"]
[Site "Budapest"]
[Round "4.80"]
[Result "0-1"]
[Date "2024.09.14"]
[WhiteElo "1861"]
[BlackElo "1697"]
[PlyCount "97"]
[EventDate "2024.09.11"]
[EventType "team-swiss"]
[EventRounds "11"]
[EventCountry "HUN"]
[SourceTitle "EXT 2025"]
[Source "ChessBase"]
[SourceDate "2024.10.14"]
[SourceVersion "1"]
[SourceVersionDate "2024.10.14"]
[SourceQuality "1"]
[WhiteTeam "Guinea"]
[BlackTeam "Dominica"]
[WhiteTeamCountry "GUI"]
[BlackTeamCountry "DMA"]

1. e4 e5 2. Nf3 Nc6 3. Bb5 Bc5 4. c3 a6 5. Ba4 b5 6. Bb3 Qe7 7. 0-0 Nf6 8. d4 Bb6 9. Re1 0-0 10. Bg5 h6 11. Bh4 d6 12. h3 Bb7 13. a4 Na5 14. Bc2 Qe6 15. Nbd2 c5 16. b4 cxb4 17. cxb4 Nc4 18. d5 Qd7 19. Bxf6 gxf6 20. Nh4 Kh7 21. Nf5 Rg8 22. Nf1 Rg5 23. h4 Rg6 24. Qh5 Rag8 25. N1g3 Qe8 26. Bd3 Qf8 27. axb5 axb5 28. Bxc4 bxc4 29. Ne3 c3 30. Qf3 Bc8 31. Ra8 Qe7 32. Kh2 Bg4 33. Nxg4 Rxa8 34. h5 Rg5 35. Nxf6+ Kg7 36. Ng4 Rxg4 37. Nf5+ Kf8 38. Nxe7 Rh4+ 39. Kg1 Rf4 40. Qxf4 exf4 41. Nf5 Ra2 42. Rc1 Rxf2 43. Kh1 c2 44. b5 Rd2 45. Kh2 f3 46. Kg3 f2 47. Ra1 Kg8 48. Rc1 Rd1 49. Rxc2 0-1

[Event "Olympiad-45"]
[White "Naranjo Gonzalez, Oscar"]
[Black "Hassuji, Nurdin Husein"]
[Site "Budapest"]
[Round "3.76"]
[Result "1-0"]
[Date "2024.09.13"]
[WhiteElo "1861"]
[BlackElo "1847"]
[PlyCount "51"]
[EventDate "2024.09.11"]
[EventType "team-swiss"]
[EventRounds "11"]
[EventCountry "HUN"]
[SourceTitle "EXT 2025"]
[Source "ChessBase"]
[SourceDate "2024.10.14"]
[SourceVersion "1"]
[SourceVersionDate "2024.10.14"]
[SourceQuality "1"]
[WhiteTeam "Guinea"]
[BlackTeam "Tanzania"]
[WhiteTeamCountry "GUI"]
[BlackTeamCountry "TAN"]

1. e4 e5 2. Nf3 Nc6 3. Bb5 a6 4. Ba4 Nf6 5. Qe2 b5 6. Bb3 Be7 7. a4 Rb8 8. axb5 axb5 9. Nc3 b4 10. Nd5 0-0 11. 0-0 Nd4 12. Nxd4 exd4 13. d3 Bb7 14. Nxe7+ Qxe7 15. Bg5 d6 16. f4 Rfe8 17. h3 Bc8 18. Qf2 Qf8 19. Rae1 Be6 20. e5 dxe5 21. fxe5 Nd7 22. Ba4 c5 23. Qg3 Kh8 24. Rf4 Kg8 25. Rh4 Kh8 26. Bc6 1-0